[Event "Kupreichik Memorial Open 2018"]
[Site "Minsk"]
[Date "2018.06.21"]
[Round "1"]
[White "Terletsky, Oleg"]
[Black "Bezenson, Anton"]
[Result "1-0"]
[WhiteElo "2268"]
[BlackElo "1732"]
[Annotator "NA"]
[PlyCount "119"]
[EventDate "2018.06.21"]
[EventCountry "BLR"]
[SourceTitle "playchess.com"]
[Source "ChessBase"]
[SourceQuality "1"]
[TimeControl "900+10"]

1. e4 {[%emt 0:00:00]} e6 {[%emt 0:00:03]} 2. d4 {[%emt 0:00:00]} d5 {[%emt 0:00:01]} 3. Nd2 {[%emt 0:00:00]} c5 {[%emt 0:00:02]} 4. Ngf3 {[%emt 0:00:00]} Nc6 {[%emt 0:00:06]} 5. exd5 {[%emt 0:00:00]} exd5 {[%emt 0:00:02]} 6. Bb5 {[%emt 0:00:01]} Nf6 {[%emt 0:00:15]} 7. O-O {[%emt 0:00:04]} Be7 {[%emt 0:00:25]} 8. dxc5 {[%emt 0:00:03]} Bxc5 {[%emt 0:00:02]} 9. Nb3 {[%emt 0:00:02]} Be7 {[%emt 0:00:09]} 10. Ne5 {[%emt 0:00:12]} Bd7 {[%emt 0:00:16]} 11. Nxd7 {[%emt 0:00:11]} Qxd7 {[%emt 0:00:05]} 12. Nd4 {[%emt 0:00:49]} O-O {[%emt 0:00:33]} 13. Bg5 {[%emt 0:00:42]} a6 {[%emt 0:00:04]} 14. Bxc6 {[%emt 0:00:18]} bxc6 {[%emt 0:00:04]} 15. Qf3 {[%emt 0:00:02]} Ne4 {[%emt 0:01:41]} 16. Bxe7 {[%emt 0:00:07]} Qxe7 {[%emt 0:00:02]} 17. Rad1 {[%emt 0:00:03]} Rfe8 {[%emt 0:00:38]} 18. Nxc6 {[%emt 0:00:30]} Qc5 {[%emt 0:00:09]} 19. Nd4 {[%emt 0:00:10]} Rab8 {[%emt 0:00:41]} 20. b3 {[%emt 0:01:37]} Nc3 {[%emt 0:00:40]} 21. Rd3 {[%emt 0:00:40]} Nxa2 {[%emt 0:00:26]} 22. Nf5 {[%emt 0:01:33]} Nb4 {[%emt 0:00:12]} 23. Qg4 {[%emt 0:03:03]} Qf8 {[%emt 0:00:03]} 24. Rf3 {[%emt 0:02:38]} Rb7 {[%emt 0:00:01]} 25. Nh6+ {[%emt 0:02:13]} Kh8 {[%emt 0:00:02]} 26. Nxf7+ {[%emt 0:00:06]} Rxf7 {[%emt 0:00:25]} 27. Rxf7 {[%emt 0:00:02]} Qxf7 {[%emt 0:00:11]} 28. Qxb4 {[%emt 0:00:02]} h6 {[%emt 0:00:13]} 29. Re1 {[%emt 0:00:13]} Rc8 {[%emt 0:01:40]} 30. Qd2 {[%emt 0:00:10]} Qf5 {[%emt 0:00:43]} 31. Re2 {[%emt 0:00:41]} Kh7 {[%emt 0:02:43]} 32. h3 {[%emt 0:00:02]} Rc6 {[%emt 0:00:16]} 33. Kh2 {[%emt 0:00:54]} Rc8 {[%emt 0:00:31]} 34. c3 {[%emt 0:00:17]} Rb8 {[%emt 0:00:16]} 35. b4 {[%emt 0:00:05]} Rc8 {[%emt 0:00:32]} 36. Re3 {[%emt 0:01:05]} Rf8 {[%emt 0:03:56]} 37. Qd3 {[%emt 0:00:02]} Qxd3 {[%emt 0:00:48]} 38. Rxd3 {[%emt 0:00:01]} Rf5 {[%emt 0:00:01]} 39. Kg3 {[%emt 0:00:38]} Kg8 {[%emt 0:00:10]} 40. h4 {[%emt 0:00:26]} h5 {[%emt 0:00:50]} 41. Rd4 {[%emt 0:00:10]} g5 {[%emt 0:01:07]} 42. f3 {[%emt 0:00:40]} Kf7 {[%emt 0:00:07]} 43. hxg5 {[%emt 0:00:16]} Rxg5+ {[%emt 0:00:02]} 44. Kf4 {[%emt 0:00:16]} Kf6 {[%emt 0:00:30]} 45. g4 {[%emt 0:00:02]} Re5 {[%emt 0:00:31]} 46. gxh5 {[%emt 0:00:34]} Rxh5 {[%emt 0:00:02]} 47. Rd2 {[%emt 0:00:07]} Re5 {[%emt 0:00:08]} 48. Rh2 {[%emt 0:00:15]} Rf5+ {[%emt 0:00:02]} 49. Ke3 {[%emt 0:00:03]} Kg5 {[%emt 0:00:24]} 50. Rg2+ {[%emt 0:00:18]} Kf6 {[%emt 0:00:02]} 51. f4 {[%emt 0:00:11]} Rh5 {[%emt 0:00:06]} 52. Kd4 {[%emt 0:00:11]} Rf5 {[%emt 0:00:21]} 53. Rg4 {[%emt 0:00:08]} Rh5 {[%emt 0:00:08]} 54. Rg8 {[%emt 0:00:37]} Rh4 {[%emt 0:00:27]} 55. Kxd5 {[%emt 0:00:07]} Rh3 {[%emt 0:00:03]} 56. c4 {[%emt 0:00:05]} Rb3 {[%emt 0:00:05]} 57. Kc5 {[%emt 0:00:03]} Kf5 {[%emt 0:00:04]} 58. Rf8+ {[%emt 0:00:02]} Ke6 {[%emt 0:00:16]} 59. f5+ {[%emt 0:00:17]} Ke7 {[%emt 0:00:02]} 60. Ra8 {[%emt 0:00:02]} 1-0

[Event "Kupreichik Memorial Open 2018"]
[Site "Minsk"]
[Date "2018.06.21"]
[Round "1"]
[White "Ten, Alexander"]
[Black "Beliuga, Mikhail"]
[Result "1/2-1/2"]
[WhiteElo "2265"]
[BlackElo "1699"]
[Annotator "NA"]
[PlyCount "70"]
[EventDate "2018.06.21"]
[EventCountry "BLR"]
[SourceTitle "playchess.com"]
[Source "ChessBase"]
[SourceQuality "1"]
[TimeControl "900+10"]

1. e4 {[%emt 0:00:00]} c6 {[%emt 0:00:01]} 2. d4 {[%emt 0:00:00]} d5 {[%emt 0:00:01]} 3. Nc3 {[%emt 0:00:01]} dxe4 {[%emt 0:00:01]} 4. Nxe4 {[%emt 0:00:01]} Bf5 {[%emt 0:00:01]} 5. Ng3 {[%emt 0:00:02]} Bg6 {[%emt 0:00:01]} 6. Nf3 {[%emt 0:00:02]} Nd7 {[%emt 0:00:01]} 7. Bd3 {[%emt 0:00:02]} Bxd3 {[%emt 0:00:05]} 8. Qxd3 {[%emt 0:00:01]} e6 {[%emt 0:00:18]} 9. Bf4 {[%emt 0:00:17]} Qa5+ {[%emt 0:00:05]} 10. c3 {[%emt 0:00:07]} Ngf6 {[%emt 0:00:08]} 11. O-O {[%emt 0:00:06]} Be7 {[%emt 0:00:26]} 12. Rfe1 {[%emt 0:00:10]} O-O {[%emt 0:00:08]} 13. Nf5 {[%emt 0:00:42]} Rfe8 {[%emt 0:01:28]} 14. Nxe7+ {[%emt 0:00:10]} Rxe7 {[%emt 0:00:01]} 15. c4 {[%emt 0:01:32]} Rd8 {[%emt 0:05:53]} 16. Qc2 {[%emt 0:00:53]} Nf8 {[%emt 0:02:34]} 17. Bg5 {[%emt 0:03:38]} Qc7 {[%emt 0:03:31]} 18. Rad1 {[%emt 0:02:08]} Red7 {[%emt 0:00:43]} 19. Bxf6 {[%emt 0:00:49]} gxf6 {[%emt 0:00:01]} 20. Qe4 {[%emt 0:00:03]} Ng6 {[%emt 0:00:35]} 21. g3 {[%emt 0:00:10]} e5 {[%emt 0:00:47]} 22. d5 {[%emt 0:00:29]} cxd5 {[%emt 0:00:04]} 23. Rxd5 {[%emt 0:00:10]} Rxd5 {[%emt 0:00:10]} 24. cxd5 {[%emt 0:00:01]} Qd7 {[%emt 0:00:46]} 25. Rd1 {[%emt 0:00:06]} f5 {[%emt 0:00:20]} 26. Qe3 {[%emt 0:02:34]} e4 {[%emt 0:00:11]} 27. Nh4 {[%emt 0:00:27]} Qa4 {[%emt 0:00:39]} 28. b3 {[%emt 0:00:10]} Qxa2 {[%emt 0:00:10]} 29. Nxf5 {[%emt 0:00:03]} Qc2 {[%emt 0:00:08]} 30. Qd4 {[%emt 0:00:14]} Kf8 {[%emt 0:00:23]} 31. d6 {[%emt 0:00:37]} Ne5 {[%emt 0:00:20]} 32. Kg2 {[%emt 0:00:40]} Qxb3 {[%emt 0:00:16]} 33. Qxe5 {[%emt 0:00:12]} Qf3+ {[%emt 0:00:03]} 34. Kh3 {[%emt 0:00:02]} Qh5+ {[%emt 0:00:15]} 35. Kg2 {[%emt 0:00:47]} Qf3+ {[%emt 0:00:02]} 1/2-1/2

[Event "Kupreichik Memorial Open 2018"]
[Site "Minsk"]
[Date "2018.06.21"]
[Round "1"]
[White "Rakhmangulova, Anastasiya"]
[Black "Yurau, Maksim"]
[Result "1-0"]
[WhiteElo "2244"]
[BlackElo "1694"]
[Annotator "NA"]
[PlyCount "63"]
[EventDate "2018.06.21"]
[EventCountry "BLR"]
[SourceTitle "playchess.com"]
[Source "ChessBase"]
[SourceQuality "1"]
[TimeControl "900+10"]

1. e4 {[%emt 0:00:00]} c5 {[%emt 0:00:01]} 2. Nf3 {[%emt 0:00:00]} e6 {[%emt 0:00:01]} 3. d4 {[%emt 0:00:00]} cxd4 {[%emt 0:00:01]} 4. Nxd4 {[%emt 0:00:00]} Nf6 {[%emt 0:00:02]} 5. Nc3 {[%emt 0:00:00]} d6 {[%emt 0:00:01]} 6. Be2 {[%emt 0:01:56]} Be7 {[%emt 0:00:02]} 7. O-O {[%emt 0:00:07]} O-O {[%emt 0:00:03]} 8. Be3 {[%emt 0:00:09]} a6 {[%emt 0:00:02]} 9. f4 {[%emt 0:00:15]} Qc7 {[%emt 0:00:01]} 10. Bf3 {[%emt 0:00:15]} Nc6 {[%emt 0:00:03]} 11. Qe1 {[%emt 0:00:45]} Nxd4 {[%emt 0:00:43]} 12. Bxd4 {[%emt 0:00:01]} e5 {[%emt 0:00:03]} 13. Be3 {[%emt 0:00:10]} b5 {[%emt 0:00:02]} 14. a3 {[%emt 0:03:04]} Bb7 {[%emt 0:00:30]} 15. f5 {[%emt 0:00:04]} Rac8 {[%emt 0:01:12]} 16. Rd1 {[%emt 0:01:20]} Qc4 {[%emt 0:04:37]} 17. Bg5 {[%emt 0:00:12]} Rfd8 {[%emt 0:00:12]} 18. Rd3 {[%emt 0:01:03]} Rd7 {[%emt 0:06:50]} 19. g4 {[%emt 0:01:13]} a5 {[%emt 0:01:25]} 20. b3 {[%emt 0:02:37]} Qc6 {[%emt 0:00:26]} 21. Rf2 {[%emt 0:02:13]} b4 {[%emt 0:01:37]} 22. axb4 {[%emt 0:00:02]} axb4 {[%emt 0:00:02]} 23. Nd5 {[%emt 0:00:11]} Nxd5 {[%emt 0:00:08]} 24. exd5 {[%emt 0:00:01]} Qb6 {[%emt 0:00:14]} 25. Be3 {[%emt 0:01:11]} Qa5 {[%emt 0:00:18]} 26. g5 {[%emt 0:00:16]} Rdc7 {[%emt 0:00:30]} 27. Rdd2 {[%emt 0:01:11]} Qa2 {[%emt 0:00:16]} 28. Be4 {[%emt 0:00:02]} Rc3 {[%emt 0:00:11]} 29. f6 {[%emt 0:00:16]} Bf8 {[%emt 0:00:01]} 30. fxg7 {[%emt 0:00:41]} Bxg7 {[%emt 0:00:02]} 31. Rfe2 {[%emt 0:00:01]} Rf8 {[%emt 0:00:31]} 32. Qh4 {[%emt 0:00:06]} 1-0

[Event "Kupreichik Memorial Open 2018"]
[Site "Minsk"]
[Date "2018.06.21"]
[Round "1"]
[White "Cherepov, Alexej"]
[Black "Selitski, Aleksandr"]
[Result "1-0"]
[WhiteElo "2234"]
[BlackElo "1678"]
[Annotator "NA"]
[PlyCount "61"]
[EventDate "2018.06.21"]
[EventCountry "BLR"]
[SourceTitle "playchess.com"]
[Source "ChessBase"]
[SourceQuality "1"]
[TimeControl "900+10"]

1. d4 {[%emt 0:00:00]} d5 {[%emt 0:00:02]} 2. c4 {[%emt 0:00:01]} c6 {[%emt 0:00:07]} 3. Nc3 {[%emt 0:00:03]} Nf6 {[%emt 0:00:06]} 4. Nf3 {[%emt 0:00:17]} a6 {[%emt 0:00:07]} 5. a4 {[%emt 0:00:06]} Bf5 {[%emt 0:00:39]} 6. Qb3 {[%emt 0:01:40]} Ra7 {[%emt 0:01:30]} 7. a5 {[%emt 0:00:52]} e6 {[%emt 0:01:04]} 8. e3 {[%emt 0:00:33]} Nbd7 {[%emt 0:00:22]} 9. Be2 {[%emt 0:00:17]} Bd6 {[%emt 0:01:21]} 10. O-O {[%emt 0:00:05]} O-O {[%emt 0:00:22]} 11. Nh4 {[%emt 0:01:19]} Ng4 {[%emt 0:01:31]} 12. g3 {[%emt 0:00:54]} Nxh2 {[%emt 0:03:30]} 13. Nxf5 {[%emt 0:00:08]} Nxf1 {[%emt 0:00:36]} 14. Nxd6 {[%emt 0:00:05]} Nxg3 {[%emt 0:00:24]} 15. fxg3 {[%emt 0:00:03]} dxc4 {[%emt 0:00:50]} 16. Nxc4 {[%emt 0:00:21]} Qg5 {[%emt 0:01:14]} 17. Kg2 {[%emt 0:00:42]} e5 {[%emt 0:00:46]} 18. Bd2 {[%emt 0:00:35]} exd4 {[%emt 0:00:35]} 19. exd4 {[%emt 0:00:02]} Qf6 {[%emt 0:00:05]} 20. Be3 {[%emt 0:00:28]} Re8 {[%emt 0:00:11]} 21. Rf1 {[%emt 0:00:08]} Qe7 {[%emt 0:00:13]} 22. Bf4 {[%emt 0:01:01]} Nf6 {[%emt 0:00:18]} 23. Bg5 {[%emt 0:00:56]} Qe6 {[%emt 0:00:57]} 24. Bxf6 {[%emt 0:00:17]} gxf6 {[%emt 0:00:03]} 25. Bd3 {[%emt 0:00:06]} b5 {[%emt 0:01:09]} 26. axb6 {[%emt 0:00:06]} Rb7 {[%emt 0:00:03]} 27. Ne4 {[%emt 0:00:34]} f5 {[%emt 0:00:28]} 28. Ned6 {[%emt 0:00:09]} Qd5+ {[%emt 0:00:11]} 29. Rf3 {[%emt 0:00:05]} Re3 {[%emt 0:00:29]} 30. Qd1 {[%emt 0:01:05]} Rb8 31. Nxe3 1-0

[Event "Kupreichik Memorial Open 2018"]
[Site "Minsk"]
[Date "2018.06.21"]
[Round "1"]
[White "Osmolny, Vladimir I"]
[Black "Sukalina, Alina"]
[Result "1-0"]
[WhiteElo "2163"]
[BlackElo "1673"]
[Annotator "NA"]
[PlyCount "113"]
[EventDate "2018.06.21"]
[EventCountry "BLR"]
[SourceTitle "playchess.com"]
[Source "ChessBase"]
[SourceQuality "1"]
[TimeControl "900+10"]

1. c4 {[%emt 0:00:00]} e6 {[%emt 0:00:16]} 2. Nf3 {[%emt 0:00:00]} Nf6 {[%emt 0:00:15]} 3. g3 {[%emt 0:00:03]} d5 {[%emt 0:00:05]} 4. Bg2 {[%emt 0:00:04]} c6 {[%emt 0:00:16]} 5. O-O {[%emt 0:00:09]} Be7 {[%emt 0:00:55]} 6. b3 {[%emt 0:00:17]} Nbd7 {[%emt 0:02:12]} 7. Bb2 {[%emt 0:00:07]} O-O {[%emt 0:00:11]} 8. d3 {[%emt 0:01:15]} Qc7 {[%emt 0:01:43]} 9. Nbd2 {[%emt 0:00:40]} b6 {[%emt 0:01:19]} 10. Rc1 {[%emt 0:00:20]} Bb7 {[%emt 0:00:27]} 11. cxd5 {[%emt 0:00:46]} exd5 {[%emt 0:00:17]} 12. a3 {[%emt 0:01:45]} Rac8 {[%emt 0:05:15]} 13. b4 {[%emt 0:01:05]} Qb8 {[%emt 0:00:23]} 14. d4 {[%emt 0:01:39]} Rfe8 {[%emt 0:00:58]} 15. h3 {[%emt 0:01:09]} Bd6 {[%emt 0:01:08]} 16. Nh2 {[%emt 0:02:35]} Nf8 {[%emt 0:01:48]} 17. Ng4 {[%emt 0:00:45]} Nxg4 {[%emt 0:00:10]} 18. hxg4 {[%emt 0:00:04]} Ng6 {[%emt 0:00:17]} 19. Rc3 {[%emt 0:00:29]} Ba6 {[%emt 0:00:10]} 20. Re1 {[%emt 0:00:23]} Rc7 {[%emt 0:00:10]} 21. Nf1 {[%emt 0:01:13]} Bb5 {[%emt 0:00:11]} 22. Ne3 {[%emt 0:00:30]} Rce7 {[%emt 0:00:04]} 23. Bc1 {[%emt 0:00:40]} a5 {[%emt 0:00:05]} 24. Qb3 {[%emt 0:01:14]} axb4 {[%emt 0:00:03]} 25. axb4 {[%emt 0:00:01]} Nf8 {[%emt 0:00:25]} 26. Bf3 {[%emt 0:00:15]} g6 {[%emt 0:00:13]} 27. Qc2 {[%emt 0:00:14]} Ne6 {[%emt 0:00:08]} 28. Rd1 {[%emt 0:00:08]} Ng5 {[%emt 0:00:11]} 29. Qb3 {[%emt 0:00:30]} Ne4 {[%emt 0:00:10]} 30. Bxe4 {[%emt 0:00:07]} Rxe4 {[%emt 0:00:01]} 31. Kg2 {[%emt 0:00:05]} Bxe2 {[%emt 0:00:17]} 32. Rh1 {[%emt 0:00:13]} Bb5 {[%emt 0:00:05]} 33. Qb2 {[%emt 0:00:05]} Kg7 {[%emt 0:00:07]} 34. Qd2 {[%emt 0:00:02]} h5 {[%emt 0:00:22]} 35. gxh5 {[%emt 0:00:02]} Rh8 {[%emt 0:00:03]} 36. h6+ {[%emt 0:00:16]} Kf8 {[%emt 0:00:08]} 37. Rb3 {[%emt 0:00:09]} Ba4 {[%emt 0:00:10]} 38. Rb1 {[%emt 0:00:04]} Qe8 {[%emt 0:00:19]} 39. Ra1 {[%emt 0:00:08]} b5 {[%emt 0:00:03]} 40. Rh3 {[%emt 0:00:12]} Rh7 {[%emt 0:00:05]} 41. Ra3 {[%emt 0:00:06]} Qe7 {[%emt 0:00:16]} 42. Ra2 {[%emt 0:00:25]} Bxb4 {[%emt 0:00:13]} 43. Qd3 {[%emt 0:00:10]} Bd6 {[%emt 0:00:11]} 44. Bd2 {[%emt 0:00:07]} f5 {[%emt 0:00:10]} 45. Qc3 {[%emt 0:00:28]} Qe8 {[%emt 0:00:12]} 46. Ra1 {[%emt 0:00:05]} Kg8 {[%emt 0:00:05]} 47. Rc1 {[%emt 0:00:01]} Rc7 {[%emt 0:00:02]} 48. h7+ {[%emt 0:00:03]} Kh8 {[%emt 0:00:01]} 49. Nf1 {[%emt 0:00:04]} b4 {[%emt 0:00:30]} 50. Qb2 {[%emt 0:00:06]} Bb5 {[%emt 0:00:12]} 51. Bg5 {[%emt 0:00:06]} Re1 {[%emt 0:00:05]} 52. Bf6+ {[%emt 0:00:01]} Rg7 {[%emt 0:00:03]} 53. Rxe1 {[%emt 0:00:06]} Qxe1 {[%emt 0:00:03]} 54. Bxg7+ {[%emt 0:00:02]} Kxg7 {[%emt 0:00:01]} 55. h8=Q+ {[%emt 0:00:01]} Kf7 {[%emt 0:00:01]} 56. Rh7+ {[%emt 0:00:03]} Ke6 {[%emt 0:00:01]} 57. Qe8+ {[%emt 0:00:03]} 1-0

[Event "Kupreichik Memorial Open 2018"]
[Site "Minsk"]
[Date "2018.06.21"]
[Round "1"]
[White "Kuznetsov, Mikhail V"]
[Black "Ustiugov, Boris"]
[Result "1-0"]
[WhiteElo "2162"]
[BlackElo "1614"]
[Annotator "NA"]
[PlyCount "51"]
[EventDate "2018.06.21"]
[EventCountry "BLR"]
[SourceTitle "playchess.com"]
[Source "ChessBase"]
[SourceQuality "1"]
[TimeControl "900+10"]

1. d4 {[%emt 0:00:00]} Nf6 {[%emt 0:00:03]} 2. Nf3 {[%emt 0:00:00]} d5 {[%emt 0:00:05]} 3. c4 {[%emt 0:00:00]} c6 {[%emt 0:00:02]} 4. cxd5 {[%emt 0:00:01]} cxd5 {[%emt 0:00:09]} 5. Nc3 {[%emt 0:00:03]} a6 {[%emt 0:00:06]} 6. Bf4 {[%emt 0:00:03]} e6 {[%emt 0:00:17]} 7. e3 {[%emt 0:00:10]} Bd6 {[%emt 0:00:08]} 8. Bxd6 {[%emt 0:00:16]} Qxd6 {[%emt 0:00:01]} 9. Ne5 {[%emt 0:00:02]} Nc6 {[%emt 0:00:21]} 10. f4 {[%emt 0:00:04]} b5 {[%emt 0:00:22]} 11. Bd3 {[%emt 0:00:19]} Bb7 {[%emt 0:00:08]} 12. O-O {[%emt 0:00:04]} Rc8 {[%emt 0:00:18]} 13. Rc1 {[%emt 0:00:38]} O-O {[%emt 0:00:18]} 14. Kh1 {[%emt 0:00:52]} Na7 {[%emt 0:01:41]} 15. Qf3 {[%emt 0:01:02]} g6 {[%emt 0:00:33]} 16. f5 {[%emt 0:02:41]} exf5 {[%emt 0:00:49]} 17. Bxf5 {[%emt 0:00:07]} Ne4 {[%emt 0:02:10]} 18. Bxc8 {[%emt 0:02:15]} Bxc8 {[%emt 0:01:40]} 19. Nxe4 {[%emt 0:00:12]} dxe4 {[%emt 0:00:10]} 20. Qxe4 {[%emt 0:00:44]} Be6 {[%emt 0:01:55]} 21. Qb7 {[%emt 0:00:39]} Nc8 {[%emt 0:00:56]} 22. Nxf7 {[%emt 0:01:00]} Bxf7 {[%emt 0:03:30]} 23. Rxc8 {[%emt 0:00:16]} Rxc8 {[%emt 0:00:19]} 24. Qxc8+ {[%emt 0:00:04]} Kg7 {[%emt 0:00:02]} 25. Qb7 {[%emt 0:00:27]} g5 {[%emt 0:00:11]} 26. Qxf7+ {[%emt 0:00:11]} 1-0

[Event "Kupreichik Memorial Open 2018"]
[Site "Minsk"]
[Date "2018.06.21"]
[Round "1"]
[White "Katashuk, Uladzislau"]
[Black "Halouchyts, Karalina"]
[Result "1-0"]
[WhiteElo "2149"]
[BlackElo "1603"]
[Annotator "NA"]
[PlyCount "36"]
[EventDate "2018.06.21"]
[EventCountry "BLR"]
[SourceTitle "playchess.com"]
[Source "ChessBase"]
[SourceQuality "1"]
[TimeControl "900+10"]

1. e4 {[%emt 0:00:00]} d6 {[%emt 0:00:01]} 2. d4 {[%emt 0:00:01]} Nf6 {[%emt 0:00:02]} 3. Nc3 {[%emt 0:00:01]} Nbd7 {[%emt 0:00:02]} 4. h3 {[%emt 0:00:01]} e5 {[%emt 0:00:06]} 5. Nge2 {[%emt 0:00:02]} c6 {[%emt 0:00:22]} 6. Be3 {[%emt 0:00:05]} g6 {[%emt 0:01:13]} 7. Qd2 {[%emt 0:00:02]} Bg7 {[%emt 0:00:04]} 8. g4 {[%emt 0:00:09]} h6 {[%emt 0:00:15]} 9. Bg2 {[%emt 0:00:02]} Qc7 {[%emt 0:00:09]} 10. O-O {[%emt 0:00:10]} exd4 {[%emt 0:01:34]} 11. Nxd4 {[%emt 0:00:35]} Ne5 {[%emt 0:00:51]} 12. b3 {[%emt 0:02:53]} g5 {[%emt 0:02:43]} 13. Rad1 {[%emt 0:00:43]} Bf8 {[%emt 0:03:05]} 14. f4 {[%emt 0:00:48]} gxf4 {[%emt 0:04:03]} 15. Rxf4 {[%emt 0:03:56]} Ng8 {[%emt 0:02:19]} 16. Nf5 {[%emt 0:00:39]} Bxf5 {[%emt 0:00:20]} 17. exf5 {[%emt 0:00:06]} Nf6 {[%emt 0:00:34]} 18. Qf2 {[%emt 0:02:03]} b6 {[%emt 0:00:00]} 1-0

[Event "Kupreichik Memorial Open 2018"]
[Site "Minsk"]
[Date "2018.06.21"]
[Round "1"]
[White "Vashchilov, Sergey"]
[Black "Drobyshevsky, Vasily"]
[Result "1-0"]
[WhiteElo "2122"]
[BlackElo "1551"]
[Annotator "NA"]
[PlyCount "91"]
[EventDate "2018.06.21"]
[EventCountry "BLR"]
[SourceTitle "playchess.com"]
[Source "ChessBase"]
[SourceQuality "1"]
[TimeControl "900+10"]

1. d4 {[%emt 0:00:00]} Nf6 {[%emt 0:00:03]} 2. Nf3 {[%emt 0:00:00]} g6 {[%emt 0:00:04]} 3. Bf4 {[%emt 0:00:00]} d6 {[%emt 0:00:01]} 4. e3 {[%emt 0:00:02]} Bg7 {[%emt 0:00:04]} 5. h3 {[%emt 0:00:01]} O-O {[%emt 0:00:27]} 6. Bd3 {[%emt 0:00:01]} Nbd7 {[%emt 0:00:05]} 7. O-O {[%emt 0:00:03]} Qe8 {[%emt 0:00:11]} 8. Bh2 {[%emt 0:01:37]} e5 {[%emt 0:00:10]} 9. Bb5 {[%emt 0:00:11]} c6 {[%emt 0:00:29]} 10. Be2 {[%emt 0:00:03]} Qe7 {[%emt 0:00:35]} 11. c4 {[%emt 0:00:32]} e4 {[%emt 0:00:55]} 12. Nfd2 {[%emt 0:00:02]} d5 {[%emt 0:00:02]} 13. Nc3 {[%emt 0:00:20]} b6 {[%emt 0:00:56]} 14. cxd5 {[%emt 0:00:12]} cxd5 {[%emt 0:00:04]} 15. Nb5 {[%emt 0:00:05]} Ne8 {[%emt 0:00:30]} 16. Qb3 {[%emt 0:00:38]} Bb7 {[%emt 0:00:18]} 17. Rac1 {[%emt 0:00:10]} Ndf6 {[%emt 0:02:09]} 18. Rc2 {[%emt 0:00:54]} Ba6 {[%emt 0:01:46]} 19. Rfc1 {[%emt 0:00:21]} Bxb5 {[%emt 0:00:10]} 20. Bxb5 {[%emt 0:00:01]} Nd6 {[%emt 0:01:58]} 21. Bc6 {[%emt 0:00:07]} Rac8 {[%emt 0:00:28]} 22. Bxd5 {[%emt 0:00:04]} Rxc2 {[%emt 0:00:02]} 23. Rxc2 {[%emt 0:00:01]} Rc8 {[%emt 0:01:05]} 24. Bxd6 {[%emt 0:00:05]} Qxd6 {[%emt 0:00:11]} 25. Rxc8+ {[%emt 0:00:01]} Bf8 {[%emt 0:00:04]} 26. Nxe4 {[%emt 0:00:59]} Nxe4 {[%emt 0:00:08]} 27. Bxe4 {[%emt 0:00:02]} Qd7 {[%emt 0:00:10]} 28. Rb8 {[%emt 0:00:35]} Qc7 {[%emt 0:00:22]} 29. Rb7 {[%emt 0:00:14]} Qc1+ {[%emt 0:00:11]} 30. Kh2 {[%emt 0:00:01]} Bd6+ {[%emt 0:00:02]} 31. g3 {[%emt 0:00:19]} Bxg3+ {[%emt 0:04:20]} 32. fxg3 {[%emt 0:00:07]} Qd2+ {[%emt 0:00:15]} 33. Bg2 {[%emt 0:00:02]} Qf2 {[%emt 0:00:06]} 34. Rxf7 {[%emt 0:00:05]} Qxf7 {[%emt 0:00:05]} 35. Bd5 {[%emt 0:00:01]} Qxd5 {[%emt 0:00:04]} 36. Qxd5+ {[%emt 0:00:02]} Kg7 {[%emt 0:00:00]} 37. g4 {[%emt 0:00:07]} a5 {[%emt 0:00:03]} 38. g5 {[%emt 0:00:02]} b5 {[%emt 0:00:02]} 39. Qd7+ {[%emt 0:00:02]} Kf8 {[%emt 0:00:01]} 40. Qxh7 {[%emt 0:00:06]} b4 {[%emt 0:00:01]} 41. Qxg6 {[%emt 0:00:04]} b3 {[%emt 0:00:02]} 42. axb3 {[%emt 0:00:04]} a4 {[%emt 0:00:01]} 43. bxa4 {[%emt 0:00:03]} Ke7 {[%emt 0:00:02]} 44. Qf6+ {[%emt 0:00:02]} Kd7 {[%emt 0:00:01]} 45. g6 {[%emt 0:00:03]} Kc7 {[%emt 0:00:02]} 46. g7 {[%emt 0:00:03]} 1-0

[Event "Kupreichik Memorial Open 2018"]
[Site "Minsk"]
[Date "2018.06.21"]
[Round "1"]
[White "Sirotkina, Nina"]
[Black "Korniichuk, Fedir"]
[Result "1-0"]
[WhiteElo "2116"]
[BlackElo "1568"]
[Annotator "NA"]
[PlyCount "59"]
[EventDate "2018.06.21"]
[EventCountry "BLR"]
[SourceTitle "playchess.com"]
[Source "ChessBase"]
[SourceQuality "1"]
[TimeControl "900+10"]

1. d4 {[%emt 0:00:00]} Nf6 {[%emt 0:00:03]} 2. Bf4 {[%emt 0:00:00]} e6 {[%emt 0:00:14]} 3. Nd2 {[%emt 0:00:15]} d5 {[%emt 0:00:07]} 4. e3 {[%emt 0:00:20]} Be7 {[%emt 0:00:04]} 5. Bd3 {[%emt 0:00:24]} O-O {[%emt 0:00:06]} 6. Ngf3 {[%emt 0:01:20]} c5 {[%emt 0:00:23]} 7. c3 {[%emt 0:00:09]} Nc6 {[%emt 0:00:10]} 8. O-O {[%emt 0:00:38]} b6 {[%emt 0:00:12]} 9. Ne5 {[%emt 0:00:22]} Bb7 {[%emt 0:00:12]} 10. Qe2 {[%emt 0:00:53]} c4 {[%emt 0:01:07]} 11. Bc2 {[%emt 0:00:22]} Rc8 {[%emt 0:00:53]} 12. e4 {[%emt 0:01:25]} Re8 {[%emt 0:00:48]} 13. Nxc6 {[%emt 0:00:40]} Bxc6 {[%emt 0:00:12]} 14. e5 {[%emt 0:00:03]} Nd7 {[%emt 0:00:50]} 15. Qg4 {[%emt 0:00:40]} Kh8 {[%emt 0:00:42]} 16. Rfe1 {[%emt 0:00:39]} Nf8 {[%emt 0:00:41]} 17. Re3 {[%emt 0:00:43]} Ng6 {[%emt 0:00:23]} 18. Rh3 {[%emt 0:00:29]} Kg8 {[%emt 0:01:18]} 19. Qh5 {[%emt 0:00:39]} h6 {[%emt 0:00:42]} 20. Bxg6 {[%emt 0:01:14]} fxg6 {[%emt 0:00:11]} 21. Qxg6 {[%emt 0:00:04]} Bg5 {[%emt 0:01:03]} 22. Rg3 {[%emt 0:00:55]} Qe7 {[%emt 0:00:41]} 23. Bxg5 {[%emt 0:00:13]} hxg5 {[%emt 0:00:03]} 24. Rh3 {[%emt 0:00:41]} Rf8 {[%emt 0:00:34]} 25. Nf3 {[%emt 0:00:32]} Rxf3 {[%emt 0:01:42]} 26. Qh7+ {[%emt 0:00:23]} Kf7 {[%emt 0:00:15]} 27. Rxf3+ {[%emt 0:00:03]} Ke8 {[%emt 0:00:05]} 28. Qg6+ {[%emt 0:00:10]} Kd8 {[%emt 0:00:17]} 29. Rf7 {[%emt 0:00:23]} Qe8 {[%emt 0:00:56]} 30. Qxg5+ {[%emt 0:00:06]} 1-0